000
00286nam a22001217a 4500
020
_a
9788192668970
082
_a
631.4.
_b
ARV/HA
100
_a
Aravind Kumar Singh
_9
1003
245
_a
Handbook of Soil Science
260
_a
New Delhi
_b
Agrotech Press
_c
2013
300
_a
243
942
_c
BK
999
_c
14583
_d
14583